00599nam a22001697a 450000500170000001000130001702000260003003500120005603700160006808200130008410000410009724500940013824600600023226000500029227000650034230000220040720220425134408.0 aUR-11525 c200.00a9788193911518 aU-10080 bDBAD/PUBa- a8412Ist aمصحف ا قبا ل تو صيفی  aر ا ت خيا لو ں ميں گم c مصحف ا قبا ل تو صيفی hا ر د و  bRaat Khyalon Mein Gum (Urdu)aby Mushaf Iqbal Tousifi  aTilangana bAl-Ansar Publications c2019 ء  aRiyasat Nagar ,Jamal Colony,bHyderabade059k09391301192l- a120 صc22 Cm(Hb)